European Journal of Jewish Studies.

محفوظ في:

التنسيق: دورية

اللغة: Undetermined

الموضوعات:

الوصول للمادة أونلاين: Login to view Source

الوسوم: إضافة وسم

لا توجد وسوم, كن أول من يضع وسما على هذه التسجيلة!

رقم الطلب:

LEADER 00512nms a2200181Ia 4500
005 20240402052214.0
008 240131s9999||||xx |||||||||||||||||und||
999 |c 56377  |d 56377 
022 |a 1025-9996 
022 |a 1872-471X 
245 0 0 |a European Journal of Jewish Studies. 
336 |2 rdacontent  |a text  |b txt 
337 |2 rdamedia  |a unmediated  |b n 
338 |2 rdacarrier  |a volume  |b n 
500 |a BRILLBRILLJ 
650 4 |a Judaism. 
856 |z EJJS  |u https://brill.com/view/journals/ejjs/ejjs-overview.xml 
942 |2 lcc  |c EJL